| 000 | 01108cam a22003131a 4500 | ||
|---|---|---|---|
| 001 | 016494198 | ||
| 003 | OSt | ||
| 005 | 20150510140523.0 | ||
| 008 | 130807t2011 moua frb 001 0 eng c | ||
| 020 | _a9780323244251 | ||
| 040 |
_aStDuBDS _beng _cStDuBDS _dWlAbNL _dEG-ScBUE |
||
| 082 | 0 | 4 |
_a618.9200231 _bWON _222 |
| 245 | 0 | 0 |
_aWong's nursing care of infants and children / _c[edited by] Marilyn J. Hockenberry, David Wilson. |
| 246 | 3 | 0 | _aNursing care of infants and children |
| 250 | _a9th ed. | ||
| 260 |
_aMissouri : _bMosby / Elsevier, _cc.2011. |
||
| 300 |
_axxix, 1809 p. : _bill. (col.) ; _c28 cm. |
||
| 500 | _aIndex : p. 1758-1809. | ||
| 500 | _aIncludes appendix. | ||
| 504 | _aIncludes bibliographical references. | ||
| 650 | 0 |
_aPediatric nursing _2BUEsh _919967 |
|
| 651 | _2BUEsh | ||
| 653 |
_bNNUR _cApril2015 |
||
| 655 |
_vreading book _934232 |
||
| 700 | 1 |
_aWilson, David, _d1950 August 25- _eeditor. _937669 |
|
| 700 | 1 |
_aHockenberry, Marilyn J. _eeditor. _937670 |
|
| 700 | 1 |
_aWong, Donna L., _d1948-2008 _tNursing care of infants and children. _937671 |
|
| 942 |
_2ddc _k618.9200231 WON |
||
| 999 |
_c19198 _d19170 |
||